| 000 | 01057nam a2200253 a 4500 | ||
|---|---|---|---|
| 001 | 40187 | ||
| 003 | BD-RjUL | ||
| 005 | 20211209053144.0 | ||
| 008 | 160424s1976 bg ||||| |||| 00| 0 ben d | ||
| 020 | _c: Tk.25.00 | ||
| 035 | _a(BD-RjUL)40302 | ||
| 040 |
_aBD-RjUL _bben _cBD-RjUL |
||
| 041 | _aben | ||
| 082 |
_223 _a320.1 _bLAR 1976 |
||
| 100 |
_aলাস্কি, হ্যারল্ড _9123713 |
||
| 245 |
_aরাজনীতির গোড়ার কথা / _cহ্যারল্ড লাস্কি, এম. এ ওয়াদুদ ভূঁইয়া অনূদিত |
||
| 260 |
_aঢাকা : _bবাংলা একাডেমী, _c১৯৭৬ |
||
| 300 |
_a খন্ড-- _c২১ সেমি. |
||
| 505 | _a খন্ড--১. খন্ড-২ | ||
| 650 |
_aরাষ্ট্রবিজ্ঞান _xরাষ্ট্র _9123714 |
||
| 650 |
_aPolitical Science _xThe State _9123715 |
||
| 700 |
_aভূঁইয়া, এম. এ.ওয়াদুদ অনূদিত _9123716 |
||
| 942 |
_2ddc _cBK _02 |
||
| 999 |
_c40187 _d40187 |
||